| 000 | 01039nam a2200253Ia 4500 | ||
|---|---|---|---|
| 003 | Ost | ||
| 005 | 20260507075415.0 | ||
| 008 | 260507s9999||||xx |||||||||||||| ||und|| | ||
| 020 | _a9789957324995 | ||
| 040 | _cfsecg | ||
| 041 | _aara | ||
| 082 | _a330 | ||
| 100 |
_aشاهر، ثائر فيصل _eمؤلف |
||
| 245 | 0 |
_a الإحصاء في العلوم الإدارية والمالية : _bإحصاء 1 / _c ثائر فيصل شاهر |
|
| 250 | _aطبعة 2 | ||
| 260 |
_aعمان: _bدار الحامد, _c2014 |
||
| 300 |
_a350 صفحة؛ _bإيضاحات ؛ _c24 سم |
||
| 504 | _aالمراجع ص.207 | ||
| 520 | _aيضم البيانات الاحصائية عرضها ووصفها ومقاييس النزعة المركزية، مقاييس التشتت، الانحدار والاتباط، تحليل السلاسل الزمنية، الاحتمالات. | ||
| 653 | _aالإحصاء الرياضي | ||
| 653 | _aالإحصاء- الإدارة | ||
| 653 | _aالادراة المالية | ||
| 942 | _cكتاب | ||
| 999 |
_c44444 _d44444 |
||